[Event "Eurasia Cup op"]
[Site "Ekaterinburg"]
[Date "2019.08.06"]
[Round "6"]
[White "Rossal, Valeriy I"]
[Black "Pastukhov, Leonid"]
[Result "0-1"]
[WhiteElo "1914"]
[BlackElo "2215"]
[PlyCount "62"]
[EventDate "2019.07.31"]
[EventType "swiss"]
[EventRounds "9"]
[EventCountry "RUS"]
[SourceTitle "CBM 191 Extra"]
[Source "ChessBase"]
[SourceDate "2019.09.30"]
[SourceVersion "1"]
[SourceVersionDate "2019.09.30"]
[SourceQuality "1"]

1. d4 Nf6 2. Bf4 e6 3. Nf3 d5 4. Nbd2 c5 5. e3 Nc6 6. c3 Bd6 7. Bb5 Bxf4 8. exf4 cxd4 9. cxd4 0-0 10. 0-0 Ne7 11. Bd3 Bd7 12. Ne5 Qb6 13. Nxd7 Nxd7 14. Nf3 Nf6 15. Qe2 a5 16. Rad1 a4 17. Ne5 a3 18. b3 g6 19. Bb1 Qd6 20. h4 Nh5 21. g4 Nxf4 22. Qe3 f6 23. Nd7 Rf7 24. Rfe1 Nc6 25. Nc5 e5 26. dxe5 fxe5 27. f3 Nd4 28. Rxd4 exd4 29. Qxd4 Rc8 30. b4 b6 31. Na4 Ne2+ 0-1

[Event "Eurasia Cup op"]
[Site "Ekaterinburg"]
[Date "2019.08.03"]
[Round "4"]
[White "Rossal, Valeriy I"]
[Black "Lysenko, Margarita"]
[Result "0-1"]
[WhiteElo "1914"]
[BlackElo "2249"]
[PlyCount "80"]
[EventDate "2019.07.31"]
[EventType "swiss"]
[EventRounds "9"]
[EventCountry "RUS"]
[SourceTitle "CBM 191 Extra"]
[Source "ChessBase"]
[SourceDate "2019.09.30"]
[SourceVersion "1"]
[SourceVersionDate "2019.09.30"]
[SourceQuality "1"]

1. c4 e5 2. g3 Nf6 3. Bg2 d5 4. cxd5 Nxd5 5. Nc3 Nb6 6. Nf3 Nc6 7. 0-0 Be7 8. d3 0-0 9. a3 Be6 10. b4 Nd4 11. Be3 Nxf3+ 12. Bxf3 c6 13. Ne4 Bd5 14. Qd2 f5 15. Nc3 Bxf3 16. exf3 Bf6 17. Rad1 Kh8 18. d4 Nc4 19. Qa2 Nxe3 20. fxe3 exd4 21. Ne2 Qe7 22. exd4 a5 23. Qd2 axb4 24. axb4 Bg5 25. Nf4 Bxf4 26. gxf4 Ra3 27. d5 cxd5 28. Qxd5 Qxb4 29. Rb1 Qxf4 30. Rxb7 Ra6 31. Re1 Rg6+ 32. Kh1 Rh6 33. Rb2 Rd6 34. Qb7 Rg6 35. Qd5 h6 36. Rbe2 Kh7 37. Qd3 Qg5 38. Qe3 Qh4 39. Rg1 Rxg1+ 40. Qxg1 Qf6 0-1

[Event "Eurasia Cup op"]
[Site "Ekaterinburg"]
[Date "2019.07.31"]
[Round "1"]
[White "Bivol, Alina"]
[Black "Rossal, Valeriy I"]
[Result "1-0"]
[WhiteElo "2391"]
[BlackElo "1914"]
[PlyCount "79"]
[EventDate "2019.07.31"]
[EventType "swiss"]
[EventRounds "9"]
[EventCountry "RUS"]
[SourceTitle "CBM 191 Extra"]
[Source "ChessBase"]
[SourceDate "2019.09.30"]
[SourceVersion "1"]
[SourceVersionDate "2019.09.30"]
[SourceQuality "1"]

1. Nf3 Nf6 2. g3 g6 3. c4 Bg7 4. Bg2 0-0 5. d4 c5 6. 0-0 cxd4 7. Qxd4 Nc6 8. Qd3 d5 9. cxd5 Bf5 10. Qa3 Nxd5 11. Rd1 e6 12. Nc3 Qb6 13. Bd2 Rfd8 14. Rac1 Nxc3 15. bxc3 Qb5 16. Bf1 Bf8 17. Qb3 Qxb3 18. axb3 Ba3 19. Bg5 Re8 20. Ra1 Bb2 21. Ra4 Bxc3 22. Rc4 Bg7 23. g4 Na5 24. Ra4 Bc2 25. Rc1 Bxb3 26. Rxa5 b6 27. Ra6 Bd5 28. Rc7 b5 29. Nd2 Rec8 30. Raxa7 Rxc7 31. Rxc7 Be5 32. Rc5 f6 33. e4 Ba2 34. Rxb5 Rc8 35. Be3 Rc1 36. Ra5 Rc2 37. Bd3 Rc3 38. Rxa2 Rxd3 39. h3 g5 40. Kf1 1-0

[Event "Moscow-ch sf"]
[Site "Moscow"]
[Date "2011.03.13"]
[Round "1"]
[White "Rossal, Valeriy I"]
[Black "Gavrilov, Alexei"]
[Result "0-1"]
[WhiteElo "2047"]
[BlackElo "2486"]
[PlyCount "44"]
[EventDate "2011.03.13"]
[EventType "swiss"]
[EventRounds "9"]
[EventCountry "RUS"]
[SourceTitle "CBM 141 Extra"]
[Source "ChessBase"]
[SourceDate "2011.05.03"]
[SourceVersion "1"]
[SourceVersionDate "2011.05.03"]
[SourceQuality "1"]

1. d4 d5 2. Bg5 Nf6 3. Nd2 g6 4. Bxf6 exf6 5. e3 c6 6. c4 dxc4 7. Bxc4 Bd6 8. h4 h5 9. Ne2 0-0 10. Ne4 Bc7 11. N2g3 Qe7 12. 0-0 Nd7 13. Qd3 Kg7 14. Nc3 f5 15. e4 f4 16. Nge2 Qxh4 17. e5 f3 18. Qxf3 Nxe5 19. dxe5 Bxe5 20. Ng3 Qxc4 21. Rfe1 Bg4 22. Qe3 Rfe8 0-1

[Event "Moscow op-E"]
[Site "Moscow"]
[Date "2011.02.06"]
[Round "9.185"]
[White "Ulyankin, Igor"]
[Black "Rossal, Valeriy I"]
[Result "0-1"]
[WhiteElo "1786"]
[BlackElo "2050"]
[PlyCount "66"]
[EventDate "2011.01.29"]
[EventType "swiss"]
[EventRounds "9"]
[EventCountry "RUS"]
[SourceTitle "EXT 2022"]
[Source "ChessBase"]
[SourceDate "2021.10.06"]
[SourceVersion "1"]
[SourceVersionDate "2021.10.06"]
[SourceQuality "1"]

1. d4 Nf6 2. c4 e6 3. Nc3 Bb4 4. Qc2 d5 5. e3 0-0 6. a3 Be7 7. Nf3 c6 8. Bd3 Nbd7 9. b3 dxc4 10. bxc4 Qc7 11. 0-0 h6 12. Bb2 e5 13. h3 exd4 14. exd4 Re8 15. Rfe1 Nf8 16. Ne5 Nh5 17. c5 Be6 18. Ne2 Bg5 19. Bc1 Bd5 20. g4 Bxc1 21. Qxc1 Nf6 22. Ng3 Ne6 23. Qc3 Ng5 24. Re3 Nxh3+ 25. Kf1 Nf4 26. Bc4 Bg2+ 27. Kg1 Bd5 28. Nf5 Re6 29. Nd6 b5 30. Bd3 Rxe5 31. dxe5 Nxg4 32. Rg3 Be6 33. Bf5 Ne2+ 0-1

[Event "Moscow op-B"]
[Site "Moscow"]
[Date "2009.02.01"]
[Round "3"]
[White "Shamugia, Shavlegi"]
[Black "Rossal, Valeriy I"]
[Result "1-0"]
[WhiteElo "2215"]
[BlackElo "2080"]
[PlyCount "57"]
[EventDate "2009.01.31"]
[EventType "swiss"]
[EventRounds "9"]
[EventCountry "RUS"]
[SourceTitle "EXT 2012"]
[Source "ChessBase"]
[SourceDate "2011.11.24"]
[SourceVersion "1"]
[SourceVersionDate "2011.11.24"]
[SourceQuality "1"]

1. d4 Nf6 2. Nf3 g6 3. Bg5 Bg7 4. Nbd2 d5 5. e3 Bg4 6. h3 Bxf3 7. Nxf3 Nbd7 8. Be2 c6 9. 0-0 0-0 10. c4 dxc4 11. Bxc4 Ne4 12. Bf4 Qa5 13. Qb3 e5 14. Qxb7 Nd6 15. Qxd7 Nxc4 16. Nxe5 Nxe5 17. dxe5 Qb5 18. e6 fxe6 19. Qxe6+ Kh8 20. Rac1 Qxb2 21. Rxc6 Rae8 22. Qc4 Rd8 23. a4 Rd2 24. Rc8 Qf6 25. Rxf8+ Qxf8 26. Rb1 Rd8 27. Qc7 Rc8 28. Qxa7 g5 29. Bg3 1-0

[Event "Moscow op-B 04th"]
[Site "Moscow"]
[Date "2008.02.09"]
[Round "8"]
[White "Vetoshko, Volodymyr"]
[Black "Rossal, Valeriy I"]
[Result "1/2-1/2"]
[WhiteElo "1905"]
[BlackElo "2146"]
[PlyCount "73"]
[EventDate "2008.02.02"]
[EventType "swiss"]
[EventRounds "9"]
[EventCountry "RUS"]
[SourceTitle "CBM 122 Extra"]
[Source "ChessBase"]
[SourceDate "2008.03.04"]
[SourceVersion "1"]
[SourceVersionDate "2008.03.04"]
[SourceQuality "1"]

1. e4 c5 2. Nf3 e6 3. d4 cxd4 4. Nxd4 a6 5. Nc3 d6 6. Be2 Nf6 7. 0-0 Qc7 8. f4 Be7 9. Be3 Nbd7 10. Qe1 0-0 11. Qg3 Re8 12. Rae1 Bf8 13. Kh1 Rb8 14. Bd3 Nc5 15. Qh4 Nxd3 16. cxd3 Be7 17. Qg3 Qd8 18. f5 Kh8 19. fxe6 fxe6 20. Nf3 Bd7 21. Ng5 Kg8 22. d4 Rf8 23. e5 dxe5 24. dxe5 Nd5 25. Rxf8+ Qxf8 26. Nxh7 Qf7 27. Nxd5 Kxh7 28. Nxe7 Qxe7 29. Bg5 Qf7 30. Qd3+ Kg8 31. Rf1 Bb5 32. Rxf7 Bxd3 33. Rd7 Bc4 34. a3 Bd5 35. Kg1 Rc8 36. Rd8+ Rxd8 37. Bxd8 1/2-1/2

[Event "Moscow op-B 04th"]
[Site "Moscow"]
[Date "2008.02.06"]
[Round "5"]
[White "Rossal, Valeriy I"]
[Black "Lylov, Igor"]
[Result "0-1"]
[WhiteElo "2146"]
[BlackElo "2272"]
[PlyCount "110"]
[EventDate "2008.02.02"]
[EventType "swiss"]
[EventRounds "9"]
[EventCountry "RUS"]
[SourceTitle "CBM 122 Extra"]
[Source "ChessBase"]
[SourceDate "2008.03.04"]
[SourceVersion "1"]
[SourceVersionDate "2008.03.04"]
[SourceQuality "1"]

1. Nf3 g6 2. d4 Bg7 3. e4 d6 4. c3 Nf6 5. Qc2 0-0 6. Bg5 h6 7. Bh4 g5 8. Bg3 Nh5 9. Bd3 e6 10. e5 Nc6 11. Qe2 g4 12. Nfd2 Nxg3 13. hxg3 dxe5 14. dxe5 Nxe5 15. Bc2 Bd7 16. Rh5 f5 17. Nc4 Nf7 18. Nba3 b5 19. Ne3 Nd6 20. 0-0-0 Qf6 21. f3 Be8 22. Rhh1 Qe5 23. f4 Qf6 24. Rd4 Bc6 25. Rhd1 Rad8 26. Rxd6 cxd6 27. Nxb5 Rb8 28. Nd4 Bb7 29. Bb3 d5 30. Ba4 Rf7 31. Re1 Rc7 32. Nec2 Bc8 33. Kb1 Rb6 34. Qe3 Bd7 35. Bb3 Rcb7 36. Re2 a5 37. Ne1 a4 38. Bd1 a3 39. b3 Rc7 40. Qd2 Bb5 41. Re3 Rxc3 42. Re5 Rc5 43. Nec2 Qf7 44. Qa5 Rb8 45. Qxa3 Rcc8 46. Re3 Rb7 47. Qd6 Rd7 48. Qxe6 Qxe6 49. Rxe6 Bd3 50. Rg6 Kf7 51. Rc6 Rdc7 52. Rxc7+ Rxc7 53. Be2 Be4 54. Nb5 Rxc2 55. Nd6+ Kg6 0-1

[Event "Moscow op-B 04th"]
[Site "Moscow"]
[Date "2008.02.05"]
[Round "4"]
[White "Cherniaev, Alexander1111"]
[Black "Rossal, Valeriy I"]
[Result "1-0"]
[WhiteElo "2265"]
[BlackElo "2146"]
[PlyCount "111"]
[EventDate "2008.02.02"]
[EventType "swiss"]
[EventRounds "9"]
[EventCountry "RUS"]
[SourceTitle "CBM 122 Extra"]
[Source "ChessBase"]
[SourceDate "2008.03.04"]
[SourceVersion "1"]
[SourceVersionDate "2008.03.04"]
[SourceQuality "1"]

1. d4 Nf6 2. c4 c5 3. d5 b5 4. cxb5 a6 5. bxa6 g6 6. Nc3 Bg7 7. g3 d6 8. Bg2 0-0 9. Nf3 Bxa6 10. 0-0 Nbd7 11. Rb1 Ng4 12. Bd2 Nge5 13. Nxe5 Nxe5 14. b3 Qc7 15. Re1 Rfb8 16. Qc2 Rb7 17. a4 Rab8 18. Na2 Qd7 19. f4 Ng4 20. h3 Nf6 21. b4 cxb4 22. Nxb4 h6 23. Kh2 Ra8 24. Nxa6 Rxa6 25. a5 Rb5 26. Qc4 Rbxa5 27. Bxa5 Rxa5 28. e4 Qa7 29. e5 Rc5 30. Qb3 dxe5 31. fxe5 Nd7 32. e6 fxe6 33. dxe6 Ne5 34. Rf1 Kh7 35. Qb6 Qxb6 36. Rxb6 Rc7 37. Rb7 Rxb7 38. Bxb7 h5 39. Be4 Kg8 40. Rc1 Bf6 41. Rc5 Kf8 42. Kg2 Kg7 43. Kf1 Kh6 44. Ke2 Kg5 45. Ke3 Kh6 46. Bb1 g5 47. Bf5 Ng6 48. Bxg6 Kxg6 49. Ke4 Bb2 50. Rf5 Bf6 51. g4 hxg4 52. hxg4 Kg7 53. Kd5 Kf8 54. Kc6 Ke8 55. Kc7 Kf8 56. Rxf6+ 1-0

[Event "Moscow op-B 04th"]
[Site "Moscow"]
[Date "2008.02.03"]
[Round "2"]
[White "Sychev, Sergey A"]
[Black "Rossal, Valeriy I"]
[Result "1/2-1/2"]
[WhiteElo "2289"]
[BlackElo "2146"]
[PlyCount "88"]
[EventDate "2008.02.02"]
[EventType "swiss"]
[EventRounds "9"]
[EventCountry "RUS"]
[SourceTitle "CBM 122 Extra"]
[Source "ChessBase"]
[SourceDate "2008.03.04"]
[SourceVersion "1"]
[SourceVersionDate "2008.03.04"]
[SourceQuality "1"]

1. e4 c5 2. Nc3 e6 3. g3 Nc6 4. Bg2 Nf6 5. f4 d5 6. e5 Ng8 7. Nf3 Nh6 8. 0-0 Nf5 9. d3 h5 10. Ne2 Be7 11. c3 Qb6 12. Rb1 Bd7 13. Rf2 0-0-0 14. a3 Rdg8 15. b4 cxb4 16. axb4 f6 17. b5 Nd8 18. Ned4 Bc5 19. Qa4 Nf7 20. Ba3 fxe5 21. Bxc5 Qxc5 22. Nxf5 exf5 23. fxe5 Kb8 24. d4 Qxc3 25. e6 Bxe6 26. Ra2 Rc8 27. Qxa7+ Kc7 28. Ra3 Qc2 29. Qa5+ Kd7 30. Re1 Rhe8 31. Rae3 f4 32. gxf4 Bg4 33. Ne5+ Nxe5 34. fxe5 Be6 35. Qa3 Qc7 36. Rg3 Re7 37. Rg6 Qb6 38. Rd1 Qc7 39. Bh3 Bg4 40. Bxg4+ hxg4 41. Rf1 Ke8 42. Qg3 Qc3 43. Qxg4 Rc4 44. Qh5 Qxd4+ 1/2-1/2

[Event "Moscow op-B 04th"]
[Site "Moscow"]
[Date "2008.02.02"]
[Round "1"]
[White "Rossal, Valeriy I"]
[Black "Artemenko, Rimma"]
[Result "1-0"]
[WhiteElo "2146"]
[BlackElo "1571"]
[PlyCount "45"]
[EventDate "2008.02.02"]
[EventType "swiss"]
[EventRounds "9"]
[EventCountry "RUS"]
[SourceTitle "CBM 122 Extra"]
[Source "ChessBase"]
[SourceDate "2008.03.04"]
[SourceVersion "1"]
[SourceVersionDate "2008.03.04"]
[SourceQuality "1"]

1. Nf3 Nf6 2. b3 d5 3. Bb2 e6 4. e3 Be7 5. Be2 c5 6. 0-0 Nc6 7. Bb5 Bd7 8. Bxc6 Bxc6 9. Ne5 Qc7 10. f4 Bb5 11. d3 0-0 12. Nd2 Bd6 13. Rf3 Bxe5 14. Bxe5 Qe7 15. Rh3 Bc6 16. Qe2 Rac8 17. Rf1 h6 18. Rff3 Nh7 19. Rxh6 f6 20. Rxh7 fxe5 21. Rfh3 Qf6 22. Qh5 Qf5 23. Rh8# 1-0

[Event "Moscow-ch op sf"]
[Site "Moscow"]
[Date "2007.03.14"]
[Round "5"]
[White "Pankov, Gennady"]
[Black "Rossal, Valeriy I"]
[Result "0-1"]
[WhiteElo "2014"]
[BlackElo "2144"]
[PlyCount "66"]
[EventDate "2007.03.05"]
[EventType "swiss"]
[EventRounds "9"]
[EventCountry "RUS"]
[SourceTitle "EXT 2022"]
[Source "ChessBase"]
[SourceDate "2021.10.06"]
[SourceVersion "1"]
[SourceVersionDate "2021.10.06"]
[SourceQuality "1"]

1. e4 c5 2. Nf3 d6 3. d4 cxd4 4. Nxd4 Nf6 5. Nc3 g6 6. Bc4 Bg7 7. 0-0 0-0 8. h3 a6 9. Bb3 b5 10. a3 Bb7 11. Qd3 Nbd7 12. f3 Nc5 13. Qd1 Nxb3 14. cxb3 e5 15. Nc2 d5 16. exd5 Nxd5 17. Qe2 Rc8 18. Ne4 Qb6+ 19. Kh2 f5 20. Nc3 Nxc3 21. bxc3 Rxc3 22. Bb2 Rcc8 23. Ne3 Bh6 24. f4 Rfe8 25. Qd2 Rcd8 26. Qc3 Qd4 27. Qxd4 exd4 28. Nd1 Re2 29. Rf2 Bxf4+ 30. g3 Rxf2+ 31. Nxf2 Be5 32. Nd3 Rc8 33. Ne1 Be4 0-1

[Event "Moscow-ch op sf"]
[Site "Moscow"]
[Date "2007.03.10"]
[Round "3"]
[White "Kozlov, Vladimir N"]
[Black "Rossal, Valeriy I"]
[Result "1-0"]
[WhiteElo "2413"]
[BlackElo "2144"]
[PlyCount "83"]
[EventDate "2007.03.05"]
[EventType "swiss"]
[EventRounds "9"]
[EventCountry "RUS"]
[SourceTitle "EXT 2022"]
[Source "ChessBase"]
[SourceDate "2021.10.06"]
[SourceVersion "1"]
[SourceVersionDate "2021.10.06"]
[SourceQuality "1"]

1. e4 c5 2. Nc3 d6 3. Nf3 Nc6 4. d4 cxd4 5. Nxd4 g6 6. Be3 Bg7 7. Qd2 Nf6 8. f3 0-0 9. Bc4 Bd7 10. 0-0-0 Ne5 11. Bb3 Rc8 12. Bg5 Nc4 13. Qe2 Nxb2 14. Kxb2 Rxc3 15. Kxc3 Qa5+ 16. Kb2 Qxg5 17. Kb1 b5 18. Rhe1 Qc5 19. e5 Nh5 20. exd6 exd6 21. Qd2 Bf6 22. Ne2 Qa3 23. Qc1 Qc5 24. g4 Qe5 25. Nd4 Qc5 26. Qd2 Bg5 27. Qf2 Nf4 28. h4 Bf6 29. Qd2 Nd5 30. Bxd5 Qxd5 31. g5 Bg7 32. Re7 Rd8 33. Qa5 Qa8 34. Qc7 Be8 35. Rd3 Be5 36. Qxa7 Qd5 37. Nf5 Qc4 38. Nh6+ Kg7 39. Rxe5 dxe5 40. Rxd8 Qb4+ 41. Kc1 Qe1+ 42. Rd1 1-0